| 000 | 00666nam a2200217 a 4500 | ||
|---|---|---|---|
| 001 | 000021924 | ||
| 005 | 20200930011514.0 | ||
| 008 | 100914s1994 sp r 000 fbspa d | ||
| 040 |
_aDO-SdBNP _bspa _cBNPHU |
||
| 082 |
_a843.914 _bS251i |
||
| 100 | 1 |
_aSartre, Jean-Paul _933625 |
|
| 245 | 1 | 3 |
_aLa infancia de un jefe / _cJean-Paul Sartre; traducción, Miguel Sabalert. |
| 260 |
_aMadrid : _bAlianza , _c1994. |
||
| 300 |
_a95 p. ; _c15 cm. |
||
| 490 | 1 |
_aAlianza Cien; _v43 |
|
| 500 | _aLibro de bolsillo | ||
| 650 | 4 |
_aNovela francesa _91075 |
|
| 650 | 4 |
_aLiteratura francesa _91074 |
|
| 700 | 1 |
_aSabalert, Miguel _etr. _945498 |
|
| 830 | 0 |
_aAlianza Cien _v43 _912832 |
|
| 999 |
_c21422 _d21422 |
||